000 00406nam a22001697a 4500
003 MPLRDC
005 20220104144245.0
008 210129b ||||| |||| 00| 0 eng d
082 _a857.62 RMYZ c.2
100 _a仁木悦子
245 _a黑猫知情
_c
260 _a
_b香港出版社
_c
300 _b
490 _a推理侦探小说丛书之(四)
650 _a
942 _cBK
_o857.62 RMYZ c.2
999 _c47883
_d47873